RAPID REVIEW MICROBIOLOGY & IMMUNOLOGY + ONLINE (Record no. 799614)

MARC details
000 -LEADER
fixed length control field 00396pam a2200157 a 4500
020 ## - INTERNATIONAL STANDARD BOOK NUMBER
International Standard Book Number 9780323
Terms of availability
041 ## - LANGUAGE CODE
Language code of original
082 ## - DEWEY DECIMAL CLASSIFICATION NUMBER
Classification number 616.01
Item number ROS / TAN
100 ## - MAIN ENTRY--PERSONAL NAME
Personal name ROSENTHAL K.S.,TAN M.J.
245 ## - TITLE STATEMENT
Title RAPID REVIEW MICROBIOLOGY & IMMUNOLOGY + ONLINE
Medium Textual Documents
250 ## - EDITION STATEMENT
Edition statement 3ED.
260 ## - PUBLICATION, DISTRIBUTION, ETC.
Name of publisher, distributor, etc. MOSBY
Date of publication, distribution, etc. 2011
300 ## - PHYSICAL DESCRIPTION
Extent 221:
Other physical details IX;
Dimensions PB+
Accompanying material ONLINE.
650 ## - SUBJECT ADDED ENTRY--TOPICAL TERM
Topical term or geographic name entry element MICROBIOLOGY
930 ## - EQUIVALENCE OR CROSS-REFERENCE-UNIFORM TITLE HEADING [LOCAL, CANADA]
Uniform title 5087
Holdings
Withdrawn status Lost status Damaged status Not for loan Collection Home library Current library Date acquired Source of acquisition Cost, normal purchase price Total Checkouts Full call number Barcode Date last seen Copy number Price effective from Koha item type
          Medical College & Hospital, Sangli Medical College & Hospital, Sangli 22/12/2011 B.M.S.G.B.PUNE 2073.41   616.01 ROS / TAN MCS-10084 26/07/2023 1 26/07/2023 Book